Πόλεις της Ελλάδας - Ξαφνικός Θάνατος - Statistics

General Stats
  • This quiz has been taken 66 times
    65 since last reset
  • The average score is 5 of 15
Answers on the Grid
Answers color-coded by a green-red scale on the quiz's grid according to % correct below.
Άγιοι Σαράντα
Αλεξάνδρεια
Αργυρόκαστρο
Αυλώνας
Γαργαλιάνοι
Γιαννιτσά
Διδυμότειχο
Δροσιά
Δυρράχιο
Ιάσιο
Κίτσι
Κρανίδι
Λεμεσός
Λευκωσία
Λουτράκι
Μεσίνα
Νεάπολη
Οδησσός
Οχρίδα
Σέρβια
Σαμψούντα
Συρακούσες
Σχηματάρι
Τάραντας
Τρίπολη
Φέρες
Φιλιππούπολη
Φλώρινα
Χαλκιδική
Ψαχνά
 
Answer Stats
Answer % Correct
Τρίπολη
56%
Γιαννιτσά
48%
Γαργαλιάνοι
44%
Διδυμότειχο
44%
Αλεξάνδρεια
40%
Λουτράκι
40%
Φλώρινα
40%
Φέρες
32%
Ψαχνά
32%
Κρανίδι
28%
Σχηματάρι
28%
Σέρβια
24%
Δροσιά
20%
Νεάπολη
20%
Κίτσι
4%
No matching quizzes found
Score Distribution
Percent of People with Each Score
Percentile by Number Answered
Your Score History
You have not taken this quiz since the last reset